| 000 | 00618nam a22001937a 4500 | ||
|---|---|---|---|
| 999 |
_c172461 _d172461 |
||
| 005 | 20200205161147.0 | ||
| 010 | _a176215 | ||
| 020 |
_c3.00 _a- |
||
| 035 | _a176215 | ||
| 037 |
_bDBAD/PUB _a- |
||
| 082 | _a848 | ||
| 100 | _aمر ز ا فر حت اللہ بيگ | ||
| 245 |
_aمضا مين فر حت (حصہ د و م ) _cمر ز ا فر حت اللہ بيگ |
||
| 246 |
_bMazameen Farhat (Part-2) (Urdu) _aby Mirza Farhatullah Beg |
||
| 260 |
_aU.P. _bMaktaba Kaliyan _c1961 ء |
||
| 270 |
_aShahi Press _bLucknow _e- _k- _l- |
||
| 300 |
_a264 ص _c22 Cm(Hb) |
||
| 942 |
_2ddc _cUR _h848 _mب ے گ |
||